000 00855nam a2200229 4500
001 154555
003 ES-MaACL
005 20230906205757.0
008 950316s1898 sp |||| | spa d
040 _aEUS
_bspa
_cEUS
100 1 _aGonzález-Arintero, Juan.
_9139729
245 1 3 _aLa evolución y la filosofía cristiana /
_cpor Juan T. González de Arintero.
260 _aMadrid :
_bLibrería de Gregorio del Amo,
_c1898 (
_eGijón :
_fTip. de la Industria)
300 _aX, 194, 559 p. ;
_c25 cm.
505 8 _aContiene: Introducción general y Libro primero, La evolución y la mutabilidad de las especies orgánicas
597 1 _aSignaturizado.
597 1 _aAntep.
597 1 _aPort. con esc. xil.
599 1 _aViñetas en cabecera y final de capítulo.
752 _aEspaña -
_dMadrid
852 _aES-MaACL
_jF-11069
_z-- Enc. hol.
999 _c154555
_d154555